00560pam a2200193 a 4500008004100000020002200041100001600063245007700079250001200156260003700168300003300205504004100238500001900279650002200298700001900320003000100339005001700340040000900357  a0471972886 (hbk.)1 aLalanne, M.10aRotordynamics prediction in engineering /cMichel Lalanne, Guy Ferraris. a2nd ed. aChichester :bJohn Wiley,c1998. aix, 254 p. :bill. ;c24 cm. aIncludes bibliographical references. aIncludes index 0aRotorsxDynamics.1 aFerraris, Guy.20230123134352.0 cNUST